Chpt2:Les gouts de jeunes francais Vocab Quiz Stats

 Plays Quiz not verified by Sporcle

Challenge
Share
Tweet
Embed
Score 0/23 Timer 13:00
0 Plays Today
Dont forget to put 'the' before the word % Correct
to play
82.8%
to dance
79.3%
the ball
69%
the ball
69%
to swim
62.1%
the park
58.6%
the library
48.3%
the stadium
44.8%
to play soccer
41.4%
go to the movies
37.9%
to go to a cafe
37.9%
the mall
37.9%
Dont forget to put 'the' before the word % Correct
to see a movie
37.9%
to party
34.5%
to go to the pool
34.5%
to go out
34.5%
the bat
27.6%
the high school
27.6%
to play chess
24.1%
to chat with friends
10.3%
to go on a picnic
6.9%
the cards
3.4%
recreation center
3.4%

You're not logged in!

Compare scores with friends on all Sporcle quizzes.
OR
Log In

You Might Also Like...

Show Comments

Extras

Created Jan 12, 2011ReportNominate
Tags:Nintendo Quiz

Top Quizzes Today


Score Distribution

Your Account Isn't Verified!

In order to create a playlist on Sporcle, you need to verify the email address you used during registration. Go to your Sporcle Settings to finish the process.

Report this User

Report this user for behavior that violates our Community Guidelines.

Details: